Introduction to Christian ethics : a reader /

Bibliographic Details
Other Authors: Hamel, Ronald P., 1946-, Himes, Kenneth R., 1950-
Format: Book
Language:English
Published: New York : Paulist Press, [1989]
Subjects:

MARC

Tag First Indicator Second Indicator Subfields
LEADER 00000cam a22000008a 4500
001 in00000773263
005 20151017060842.0
008 890309s1989 nyu b 00000 eng
010 |a  89003265  
020 |a 0809130653 :  |c $12.95 
035 |a (OCoLC)19457066 
035 |9 ADM4912AM 
040 |a DLC  |c DLC  |d TXA  |d UtOrBLW 
049 |a TXAM  |c [A11967351] 
050 0 0 |a BJ1249  |b .I57 1989 
082 0 |a 241/.042  |2 20 
245 0 0 |a Introduction to Christian ethics :  |b a reader /  |c edited by Ronald P. Hamel and Kenneth R. Himes. 
263 |a 8907 
264 1 |a New York :  |b Paulist Press,  |c [1989] 
300 |a viii, 597 pages 
336 |a text  |b txt  |2 rdacontent 
337 |a unmediated  |b n  |2 rdamedia 
338 |a volume  |b nc  |2 rdacarrier 
504 |a Includes bibliographies. 
650 0 |a Christian ethics  |x Catholic authors. 
610 2 0 |a Catholic Church  |x Doctrines. 
700 1 |a Hamel, Ronald P.,  |d 1946- 
700 1 |a Himes, Kenneth R.,  |d 1950- 
999 |a MARS 
999 f f |s bbae642c-1dd0-3116-a22e-bb9fe97bb70d  |i 5ecf2049-3539-336d-917c-275bcbe34ccc  |t 0 
952 f f |p ric  |a Texas A&M University  |b Rellis Campus  |c Joint Library Facility  |d Remote Storage  |t 0  |e BJ1249 .I57 1989  |h Library of Congress classification  |i unmediated -- volume  |m A14811967351 
998 f f |a BJ1249 .I57 1989  |t 0  |l Remote Storage